Statistics for Countries that have a monarch as a head of state

Click here to take the quiz!

General Stats

  • This quiz has been taken 30 times
  • The average score is 34 of 45

Answer Stats

Answer% Correct
United Kingdom
100%
Sweden
96%
Belgium
92%
Denmark
92%
Netherlands
92%
Norway
92%
Saudi Arabia
92%
United Arab Emirates
92%
Japan
88%
Jordan
85%
Kuwait
85%
Luxembourg
85%
Monaco
85%
Spain
85%
Thailand
85%
Andorra
81%
Canada
81%
Liechtenstein
81%
Oman
81%
Australia
77%
Bahrain
77%
Lesotho
77%
New Zealand
77%
Barbados
73%
Brunei
73%
Eswatini
73%
Malaysia
73%
Qatar
73%
Tonga
73%
Antigua and Barbuda
69%
Bhutan
69%
Morocco
69%
Saint Kitts and Nevis
69%
Saint Lucia
69%
Saint Vincent and the Grenadines
69%
Tuvalu
69%
The Bahamas
65%
Vatican City
65%
Grenada
62%
Solomon Islands
62%
Cambodia
58%
Belize
54%
Jamaica
54%
Papua New Guinea
50%
Malta
27%

Score Distribution

Percentile by Number Answered

Percent of People with Each Score

Your Score History

You have not taken this quiz